Comuni del Veneto con la L - Statistics

Statistiche generali
  • Questo quiz è stato fatto 43 volte
  • Il punteggio medio è 13 su 24
Statistiche sulle risposte
Comune % Corretto
Lonigo
84%
Lamon
79%
Longarone
79%
Lozzo di Cadore
74%
Limana
68%
Livinallongo del Col di Lana
68%
Lorenzago di Cadore
68%
Lendinara
63%
Lastebasse
58%
Legnago
58%
Limena
58%
La Valle Agordina
53%
Lozzo Atestino
53%
Lazise
47%
Lugo di Vicenza
47%
Loreggia
42%
Lusia
42%
Loria
37%
Laghi
32%
Lavagno
32%
Legnaro
32%
Longare
32%
Loreo
32%
Lusiana Conco
26%
Nessun quiz corrispondente trovato
Distribuzione punteggi
Percentuale di utenti per punteggio
Percentile per numero di risposta
I tuoi punteggi nel tempo
Non hai fatto questo quiz